Quizzes
Events
Quiz Creation
Community
Videos
Private Events
Remove Ads
Sign In
Join for FREE
Feedback
Dark Mode
Quiz Categories
Sports
Geography
Music
Movies
Television
Just For Fun
Miscellaneous
History
Literature
Language
Science
Gaming
Entertainment
Religion
Holiday
For Kids
Quiz Lab
Recent
Popular Today
Quiz Kudos Today
Editor Picks
Curator Picks
Quizzes by...
Day
Popularity
Type
Ratings
Length
Year
Community
Subscriptions
Recent Discussions
Orange Saloon
Badges
Playlists
Quests
Create
Leaderboards
Showdown
Live 5
Trivia Bingo
Activity
Puzzle Library
Sporcle Events
Private Events
Virtual Trivia
Globe League
Become a Host
Pub Owners
SporcleCon
Opinionation
Our Games
Videos
Blog
Mobile Apps
Partnerships
Remove Ads and Go Orange
Feedback
Sports
Athletes
MLB
NBA
NHL
NFL
Soccer
Sports Teams
WWE
NCAA
Football
Premier League
Basketball
Baseball
Hockey
Golf
Tennis
Cricket
Rugby
Auto Racing
Olympics
World Cup
Sports
Athletes
MLB
NBA
NHL
NFL
Soccer
Sports Teams
WWE
NCAA
Football
Premier League
Basketball
Baseball
Hockey
Golf
Tennis
Cricket
Rugby
Auto Racing
Olympics
World Cup
Random Quiz
Search Sporcle
×
Quiz Lab
Quiz Lab
Sports
bird
Type in answers that appear in a list
Type in answers that appear in a list
Classic
Best Score? Go Orange.
Seeking Professional Help (for the birds) Stats
Can you name the teams that fit this category?
By
brantael
5m
17 Questions
2 Plays
2 Plays
2 Plays
Comments
Comments
Give Quiz Kudos
Give Quiz Kudos
-
- Ratings
hide this ad
More Info
Random Order
Randomize order of answers
Randomize order of answers
Replay
Link that replays current quiz
Next Quiz
Link to next quiz in quiz playlist
You Got
0%
They Got
Avg Score
85%
Avg Friend Score
Upgrade to see
Score Distribution
Jump to the score distribution portion of the page
Score
0/17
Timer
05:00
0
Plays Today
Hint
Answer
% Correct
AL (East) Toronto
Blue Jays
100%
NFL (NFC, West) Arizona
Cardinals
100%
NL (Central) St Louis
Cardinals
100%
NHL (Western, Pacific) Anaheim
Ducks
100%
USARL (Northern) Northern Virginia
Eagles
100%
NFL (NFC, East) Philadephia
Eagles
100%
NFL (NFC, South) Atlanta
Falcons
100%
NBA (Eastern, Southeast) Atlanta
Hawks
100%
AL (East) Baltimore
Orioles
100%
Hint
Answer
% Correct
NBA (Western, Southwest) New Orleans
Pelicans
100%
NHL (Eastern, Metropolitan) Pittsburgh
Penguins
100%
NFL (AFC, North) Baltimore
Ravens
100%
NHL (Eastern, Atlantic) Detroit
Red Wings
100%
NFL (NFC, West) Seattle
Seahawks
100%
WNBA (Western) Dallas
Wings
50%
CFL (East) Montreal
Alouettes
0%
NLL (East) Rochester
Knighthawks
0%
Quiz Playlist
Details
Report
Send in Message
Add To Playlist
More Info:
From 194 teams, in 11 leagues, representing 7 sports, in 2 countries, list the teams according to the ref-determined category (as at October 2, 2017).
Classic:
Type in answers that appear in a list
Random Order:
Randomize order of answers
Last Updated: Nov 27, 2018
Quiz Scoreboard
CHALLENGE
Sign Up to Join the Scoreboard
Show All
Scores
Hide
Comments
May contain spoilers
Recently Published
Presidents Visiting Landmarks
by Hejman
History
7m
An Introduction to Baseball
by treessimontrees
Sports
5m
Movies - When Are They Set?
by FPL_Elf
Movies
5m
More to Explore
Quiz From the Vault
Featured Blog Post
Where Did the Easter Bunny Come From?
hide this ad
You Might Also Like...
Tags
bird
Category
fit
help
professional
team
Today's Top Quizzes in Sports
Browse Sports
hide this ad
Today's Top Quizzes in bird
Browse bird
Top Contributed Quizzes in Sports
1
Les meilleurs buteurs des matchs entre le PSG et l’OM
2
2022 World Cup Stars
3
FIFA Club World Cup Champions
4
Les entraîneurs de l'OM et du PSG au 21e siècle
5
Name the Premier League winners with different clubs
6
La finale Lions - Afrique du Sud 2021
7
5-to-1: UK Sports Teams
8
England Test cricketers to play under Nasser Hussain
9
Players with Multiple 50 Home Run Seasons
10
AFC Teams Reveal (Wrong Answers Minefield)
Explore More
Trending Topics
Anime
Marvel
Disney
Harry Potter
Crossword
NBA
Kpop
Puzzle
NFL
Country
WWE
Pokémon
The Office
Song
Soccer
hide this ad
More By:
brantael
Quiz
Plays
Rating
Category
Featured
Created
Single Neighbour European Countries
47
2.25
Geography
Jul 13, 2018
Alcohol Origins
43
1.00
Science
Jul 13, 2018
Celebrity Family Life
24
4.00
Entertainment
Jun 24, 2019
The Dune Canon
22
Literature
Jul 9, 2019
Men's Names in the Bible
19
5.00
Religion
Jul 13, 2018
Go to Creator's Profile
Score Distribution
Quiz Creator Spotlight
brantael
Follow
Send a Message
Quizzes Created
-
Created Quiz Play Count
-
More By This Creator
Popular Quizzes Today
1
Find the US States - No Outlines Minefield
2
Find the Countries of Europe - No Outlines Minefield
3
The Countries of the World
4
Find the US States
5
Popular People in 1961
6
US States
7
Risky Map Clicking: Biggest States A-Z
8
Movies - When Are They Set?
More Sports Quizzes
Quick Pick: German F1 Champions
Quiz Lab
Trending Quizzes
Risky Map Clicking: Least Populous States A-Z
1-10 Letter G Words
1-10 Letter F Words
Risky Map Clicking: Next State Alphabetically
Risky Map Clicking: Biggest States A-Z
Recently Updated
Leaping Animals
pecheneg
Reality TV Shows (A-Z)
bhenderson79
Rickey Henderson's Hall of Fame Teammates
pecheneg
Champions League XIs: Arsenal
pecheneg
Quick Pick: Celebrities in WWE's Hall of Fame
aduchscher
A-Z Keypad Blitz II
pecheneg
Multiple Oscar Actors
pecheneg
Mystery Phrase Blitz: Oscar 'Best Actors'
pecheneg
F. Scott Fitzgerald Novels
LTH
Pick 3 Villains
ddd62291
Trending Topics
Marvel
Disney
NBA
Anime
Harry Potter
Crossword
Kpop
Soccer
WWE
Song
Puzzle
NFL
Pokémon
The Office
Country
Your Account Isn't Verified!
In order to create a playlist on Sporcle, you need to verify the email address you used during registration. Go to your
Sporcle Settings
to finish the process.
Report this User
Report this user for behavior that violates our
Community Guidelines
.
Details:
Send Report
Go to the Sporcle.com Mobile Site →
Comments